The ancient egyptian book of the dead
Αποθηκεύτηκε σε:
| Άλλοι συγγραφείς: | , |
|---|---|
| Μορφή: | Βιβλίο |
| Γλώσσα: | English |
| Δημοσίευση: |
London :
British Museum Press,
2001
|
| Θέματα: | |
| Ετικέτες: |
Προσθήκη ετικέτας
Δεν υπάρχουν, Καταχωρήστε ετικέτα πρώτοι!
|
MARC
| LEADER | 00000nam a2200000 i 4500 | ||
|---|---|---|---|
| 001 | 1/38903 | ||
| 008 | 030728s2001 eng d | ||
| 020 | |a 0-7141-0946-0 | ||
| 035 | |l 10070527 | ||
| 040 | |a GR-MY-UA |b gre |e aacr | ||
| 041 | 0 | |a eng | |
| 082 | 0 | |a 299.31 | |
| 245 | 1 | 4 | |a The ancient egyptian book of the dead / |c edited by Carol Andrews ; translated by Raymond O. Faulkner |
| 260 | |a London : |b British Museum Press, |c 2001 | ||
| 300 | |a 192 p. | ||
| 650 | 0 | 0 | |a Future life. |
| 650 | 0 | 0 | |a Magic, Egyptian. |
| 651 | 0 | |a Egypt |x Religion. | |
| 700 | 1 | |a Faulkner, Raymond Oliver |d 1894-1982. |4 trl | |
| 700 | 1 | |a Andrews, Carol. |4 edt | |
| 852 | |a INST |b RHODES |e 20030728 |h 299.31 ANC |p 005400020183 |q 005400020183 |t BK |y 0 | ||
| 901 | |a BIBL4-2003-2 | ||
| 909 | |a Ρ |b 105530 | ||
| 922 | |a 4ΕΛΗ |b 200306 |c ΕΠΕΑΕΚ2/ΤΜΣ |d ΠΑΠΑΣΩΤΗΡΙΟΥ | ||
| 950 | |a 124-2002-03-12 | ||
| 970 | |a ΚΟΥΛΑΚΙΟΤΗ |b ΛΙΤΣΑ |z 2003/07/29 | ||